000 01157nam a2200277 4500
001 124074
003 ES-MaACL
005 20251219120420.0
007 t|
008 070214s1920 sp r ||||1| spa d
080 _a001.891
100 1 _aRamón y Cajal, Santiago,
_d1852-1934
_9226468
240 1 4 _aLos tónicos de la voluntad
245 1 0 _aReglas y consejos sobre investigación científica :
_b(los tónicos de la voluntad) : discurso leído con ocasión de la recepción del autor en la Real Academia de Ciencias Físicas, Exactas y Naturales /
_cpor S. Ramón y Cajal.
250 _a5ª ed.
260 _aMadrid :
_bImp. y Librería de Nicolás Moya,
_c1920.
300 _aXVI, 318 p., [1] h. de lám. ;
_c18 cm.
530 _aDisponible en formato digital.
599 _aLám.: retr. del autor.
650 4 _aInvestigación-
_xMetodología.
_9165440
710 2 _aReal Academia de Ciencias Exactas, Físicas y Naturales de España.
_9175635
852 4 _aES-MaACL
_jB-11674
_cSPB
856 4 _uhttp://bdh-rd.bne.es/viewer.vm?id=0000196632&page=1
_y(Biblioteca Digital Hispánica)
942 _2udc
999 _c124074
_d124074